Hodnotové pojetí inovačních aktivit firmy

Inovačná stratégia podniku založená na hodnotovom ponímaní inovačných aktivít. Vytvorenie nového konkurenčného profilu firmy. Voľba vhodnej strategickej orientácie. Inovácia zameraná na úžitok, ktorý prináša zákazníkovi. Mapa užitočnosti produktu. Zvyšovanie hodnoty produktu a stanovenie správnej ce...

Descripción completa

Guardado en:
Detalles Bibliográficos
Autor principal: Pitra, Zbyněk
Formato: Capítulo de libro
Lenguaje:checo
Materias:
Etiquetas: Agregar Etiqueta
Sin Etiquetas, Sea el primero en etiquetar este registro!

MARC

LEADER 00000naa$a2200000$$$4500
001 0028421
005 20231106122036.3
041 0 |a cze 
044 |a CZ 
245 1 0 |a Hodnotové pojetí inovačních aktivit firmy  |c Zbyněk Pitra 
520 |a Inovačná stratégia podniku založená na hodnotovom ponímaní inovačných aktivít. Vytvorenie nového konkurenčného profilu firmy. Voľba vhodnej strategickej orientácie. Inovácia zameraná na úžitok, ktorý prináša zákazníkovi. Mapa užitočnosti produktu. Zvyšovanie hodnoty produktu a stanovenie správnej ceny. Podmienky úspechu inovácie. 
610 2 0 |a riadenie podnikové 
610 2 0 |a riadenie strategické 
610 2 0 |a rozvoj podniku 
610 2 0 |a inovácia 
610 2 0 |a produkty 
610 2 0 |a hodnota 
610 2 0 |a úžitok 
610 2 0 |a ceny 
610 2 0 |a komunikácia 
610 2 0 |a konkurencia 
610 2 0 |a zákazníci 
100 1 |a Pitra, Zbyněk